| Registos Bibliográficos associados ao registo de autoridade |
|
Etiqueta de registo: 00254nam 2200025 450 001 2288518 003 http://id.bnportugal.gov.pt/bib/catbnp/2288518 100 ## $a20260618d2024 k y0pory01030103ba 101 0# $apor$deng 102 ## $aPT 105 ## $ay m 001yy 106 ## $ar 200 1# $aLegado artístico do mestre João da Silva (1880-1960)$econtributos de estudo e inventário para a programação museológica da Casa-Museu João
da Silva$fArlinda Maria Eugénio Fortes$gorient. Elsa Cristina Carvalho Gomes Garrett Pinho, João Paulo Queiroz 210 #9 $aLisboa$c[s.n.],$d2024 215 ## $a392 f.$d30 cm 328 #1 $aTese dout. Belas-Artes (Ciências da Arte e do Património), Faculdade de Belas-Artes
da Universidade de Lisboa, 2024 700 #1 $aFortes,$bArlinda Maria Eugénio$32001292 702 #1 $aPinho,$bElsa Garrett$4727$3941609 702 #1 $aQueiroz,$bJoão Paulo,$f1966-$4727$3960206 801 #0 $aPT$bBN$gRPC 966 ## $lBN$mFGMON$x1 971 ## $cisantos$d20260622
|
|
|